Loading...

Issues in social policy

Bibliographic Details
Main Author: Jones, Kathleen, et al
Format: Printed Book
Published: London Routledge & Kegan Paul Ltd. 1978
Subjects:
LEADER 00486nam a2200157 4500
082 |a 361.6 JON-I 
100 |a Jones, Kathleen, et al. 
245 |a Issues in social policy 
250
260 |a London  |b Routledge & Kegan Paul Ltd.  |c 1978 
300
490
650 |a Public action-- Social problems and services 
942 |c BK 
999 |c 222711  |d 222711 
952 |0 0  |1 0  |4 0  |6 361_600000000000000_JONI  |7 0  |9 236844  |a SDE  |b SDE  |d 2019-12-12  |l 0  |o 361.6 JON-I  |p SDE1996  |r 2019-12-12  |w 2019-12-12  |y BK